Les villes les plus peuplées du Rhône-Alpes - Statistiques

Statistiques générales
  • Ce quiz a été pris 625 fois
  • Le résultat moyen est 13 sur 20
Statistiques - réponses
Population Ville % Correct
445 274 Lyon
100%
153 426 Grenoble
96%
180 438 Saint-Étienne
95%
124 152 Villeurbanne
92%
50 324 Annecy
90%
55 762 Chambéry
89%
64 222 Valence
87%
40 628 Bourg-en-Bresse
74%
56 014 Vénissieux
68%
38 880 Roanne
57%
37 359 Bron
54%
31 349 Montélimar
50%
40 944 Saint-Priest
48%
30 630 Villefranche-sur-Saône
48%
39 128 Vaulx-en-Velin
47%
32 811 Échirolles
42%
41 248 Caluire-et-Cuire
40%
37 361 Saint-Chamond
31%
32 697 Romans-sur-Isère
29%
35 769 Saint-Martin-d'Hères
27%
Aucun quiz correspondant
Distribution des résultats
% des personnes avec chaque résultat
Percentile par nombre de réponses
Votre historique - résultats
Vous n’avez pas pris ce quiz